Coins by different countries - Statistics

General Stats
  • This quiz has been taken 100 times
  • The average score is 8 of 10
Answer Stats
Picture Answer % Correct
United States
99%
Canada
95%
Japan
89%
Russia
89%
Germany
84%
Norway
76%
Thailand
76%
Italy
68%
South Africa
61%
Malta
60%
No matching quizzes found
Score Distribution
Percent of People with Each Score
Percentile by Number Answered
Your Score History
You have not taken this quiz